Küçük kahraman (Record no. 307)
[ view plain ]
| 000 -BAŞLIK | |
|---|---|
| Sabit Uzunlukta Kontrol Alanı | 00746na a2200253 4500 |
| 001 - KONTROL NUMARASI | |
| Denetim Alanı | 14028 |
| 003 - KONTROL NUMARASI IDENTIFIER | |
| Denetim Alanı | MIRAKIL |
| 005 - SON İŞLEM TARİHİ VE ZAMANI | |
| Denetim Alanı | 20181213154743.0 |
| 008 - SABİT-BOY VERİ ELEMANLARI - GENEL BİLGİLER | |
| Sabit Uzunlukta Kontrol Alanı | 160823b tu 000 0 |
| 020 ## - ULUSLARARASI STANDART KİTAP NUMARASI | |
| Uluslararası Standart Kitap Numarası | 9786055493110 |
| 040 ## - KATALOGLAMA KAYNAK | |
| Orijinal Kataloglama Ajansı | Milas |
| Kataloglama Dili | tur |
| Metne Dönüştürmek Ajansı | TR-AnCHP |
| 082 ## - DEWEY ONLU SINIFLANDIRMA NUMARASI | |
| Sınıflandırma Numarası | 741.5 |
| Ürün Numarası | A67k |
| 090 ## - SINIFLAMA NUMARASI | |
| Sınıflama Numarası | 741.5 A67k [t.y.] |
| 100 ## - ANA GİRİŞ - KİŞİSEL İSİM | |
| Kişisel Ad | Arslan, Osman |
| 245 ## - BAŞLIK TABLOSU | |
| Başlık | Küçük kahraman |
| Başlığın Kalan | Aleko |
| Sorumluluk Tablosu, Vb | öykü: Osman Arslan ; çizen: Şeref Manun |
| 246 ## - UNVAN FORM VARYING | |
| Başlık Doğru / Kısa Başlığı | Aleko |
| 250 ## - EDITION TABLOSU | |
| Baskı Beyanı | 5. bs. |
| 260 ## - YAYIN, DAĞITIM, VB | |
| Yayın, Dağıtım, Vb Yeri | İstanbul |
| Yayıncı, Dağıtıcı, Vs Adı | 2023 Yayıncılık |
| Yayın, Dağıtım, Vb Tarihi | [t. y.] |
| 300 ## - FİZİKSEL TANIM | |
| Kapsam | 24 s. |
| Diğer Fiziksel Ayrıntıları | rnk. res. |
| Boyutlar | 24 sm. |
| 490 ## - SERİSİ TABLOSU | |
| Seri Beyanı | Türk tarihi gerçek öyküler çizgi romanları |
| -- | Çanakkale destanı |
| Hacim / Ardışık Tanımı | 1 - 10 |
| -- | 10 |
| 650 ## - KONU KATMA GİRİŞ - TOPİKAL DÖNEM | |
| Topikal Süreli Veya Coğrafi Ad Giriş Elemanı | Çizgi Roman |
| Genel Alt Bölümü | Türk |
| 700 ## - KATMA GİRİŞ - KİŞİSEL İSİM | |
| Kişisel Ad | Manun, Şeref |
| 942 ## - EKLENDİ GİRİŞ ELEMANLARI (KOHA) | |
| Sınıflandırma Veya Raf Düzeni Kaynak | Dewey Decimal Classification |
| Koha Öğesi Türü | Books |
| 999 ## - SİSTEM KONTROL NUMARALARI (KOHA) | |
| Koha Biblionumber | 307 |
| Koha Biblioitemnumber | 307 |
| Kalıcı Konum | Mevcut Konum | Edinme Tarihi | Edinim Kaynak | Toplam Check-Out'Lar | Tam Çağrı Numarası | Barkod | Tarih Son Görülme | İtibaren Geçerli Fiyatlar | Koha Öğesi Türü |
|---|---|---|---|---|---|---|---|---|---|
| CHP Kütüphanesi | CHP Kütüphanesi | 08/23/2016 | Bağış | 741.5 A67k [t.y.] | 001394 | 08/23/2016 | 08/23/2016 | Books |
